[Event "Madrid ch 2019-2020"]
[Site "Madrid ESP"]
[Date "2020.07.23"]
[Round "6.7"]
[White "Rodriguez Polo, Mateo"]
[Black "Mkrtchyan, Levon"]
[Result "1-0"]
[WhiteElo "2077"]
[BlackElo "2215"]
[PlyCount "81"]
[EventDate "2020.07.18"]
[EventType "swiss"]
[EventRounds "9"]
[EventCountry "ESP"]
[SourceTitle "Ajedrez en Madrid"]
[Source "lmi"]
[SourceDate "2020.07.18"]
[SourceVersion "1"]
[SourceVersionDate "2020.09.10"]
[SourceQuality "1"]

1. Nf3 c5 2. c4 Nf6 3. b3 Nc6 4. Bb2 d5 5. cxd5 Nxd5 6. Nc3 e5 7. e3 Be7 8.
Nxd5 Qxd5 9. Bc4 Qd6 10. O-O Bg4 11. h3 Bh5 12. g4 Bg6 13. d4 cxd4 14. exd4 e4
15. Ne5 O-O 16. Nxg6 Qxg6 17. f4 exf3 18. Rxf3 Bf6 19. Qd2 Rad8 20. d5 Ne5 21.
Bxe5 Bxe5 22. Raf1 Qd6 23. Qf2 Rd7 24. Kh1 Re7 25. a4 a6 26. Kg2 Qd7 27. d6
Bxd6 28. Rf5 g6 29. Rd5 Qc6 30. Qf3 Bc5 31. Rd3 Qe8 32. h4 Re2+ 33. Kh3 Re7 34.
h5 Re5 35. hxg6 hxg6 36. Qf6 Re3+ 37. Rf3 Rxf3+ 38. Rxf3 Kh7 39. Kh2 Be3 40.
Rh3+ Bh6 41. g5 1-0

[Event "Madrid ch 2019-2020"]
[Site "Madrid ESP"]
[Date "2020.07.23"]
[Round "6.8"]
[White "Torres Boch, Jose F"]
[Black "Martinez Fernandez, Raul"]
[Result "0-1"]
[WhiteElo "2150"]
[BlackElo "2220"]
[PlyCount "62"]
[EventDate "2020.07.18"]
[EventType "swiss"]
[EventRounds "9"]
[EventCountry "ESP"]
[SourceTitle "Ajedrez en Madrid"]
[Source "lmi"]
[SourceDate "2020.07.18"]
[SourceVersion "1"]
[SourceVersionDate "2020.09.10"]
[SourceQuality "1"]

1. e4 e5 2. Nf3 Nc6 3. Bc4 Nf6 4. d3 Bc5 5. c3 d6 6. O-O a6 7. a4 h6 8. Re1 Ng4
9. Re2 f5 10. exf5 Nxf2 11. Rxf2 Bxf2+ 12. Kxf2 d5 13. Bb3 Bxf5 14. Kg1 O-O 15.
Be3 Kh8 16. d4 Bg4 17. dxe5 Nxe5 18. Qxd5 Nxf3+ 19. gxf3 Rxf3 20. Bd4 Qh4 21.
Nd2 Rf5 22. Qe4 Qg5 23. Qg2 Re8 24. Bc4 c5 25. h3 Be2 26. Re1 cxd4 27. Qxg5
Rxg5+ 28. Kf2 Rf5+ 29. Kg3 dxc3 30. bxc3 Re3+ 31. Kh2 Bxc4 0-1

[Event "Madrid ch 2019-2020"]
[Site "Madrid ESP"]
[Date "2020.07.23"]
[Round "6.9"]
[White "Almagro Llamas, Pablo"]
[Black "Khudov, Oleksandr"]
[Result "1-0"]
[WhiteElo "2443"]
[BlackElo "2207"]
[PlyCount "59"]
[EventDate "2020.07.18"]
[EventType "swiss"]
[EventRounds "9"]
[EventCountry "ESP"]
[SourceTitle "Ajedrez en Madrid"]
[Source "lmi"]
[SourceDate "2020.07.18"]
[SourceVersion "1"]
[SourceVersionDate "2020.09.10"]
[SourceQuality "1"]

1. c4 c6 2. Nf3 d5 3. d4 Nf6 4. e3 a6 5. h3 b5 6. b3 Bf5 7. Bd3 Bxd3 8. Qxd3 e6
9. O-O Be7 10. a4 b4 11. Nbd2 O-O 12. e4 dxc4 13. bxc4 a5 14. e5 Nfd7 15. Ne4
Re8 16. Rd1 Na6 17. Bf4 h6 18. Ng3 Rc8 19. c5 Nc7 20. Nh5 Nd5 21. Bd2 Bf8 22.
Re1 Ra8 23. Rab1 Nb8 24. Re4 Ra7 25. Bxh6 gxh6 26. Rg4+ Kh8 27. Nh4 Rb7 28.
Ng6+ fxg6 29. Qxg6 Bxc5 30. Ng7 1-0

[Event "Madrid ch 2019-2020"]
[Site "Madrid ESP"]
[Date "2020.07.23"]
[Round "6.10"]
[White "Garcia Dorado, Alberto"]
[Black "Pablos Tenrero, Raquel"]
[Result "1-0"]
[WhiteElo "2175"]
[BlackElo "2042"]
[PlyCount "85"]
[EventDate "2020.07.18"]
[EventType "swiss"]
[EventRounds "9"]
[EventCountry "ESP"]
[SourceTitle "Ajedrez en Madrid"]
[Source "lmi"]
[SourceDate "2020.07.18"]
[SourceVersion "1"]
[SourceVersionDate "2020.09.10"]
[SourceQuality "1"]

1. Nf3 Nf6 2. c4 e6 3. Nc3 d5 4. e3 Be7 5. Qc2 c5 6. cxd5 exd5 7. d4 O-O 8.
dxc5 Bxc5 9. Nb5 Qe7 10. Be2 Nc6 11. O-O Bg4 12. Rd1 Rac8 13. Qd2 Rfe8 14. h3
Bh5 15. Qe1 a6 16. Nbd4 Bxf3 17. Nxc6 bxc6 18. gxf3 Qe6 19. Qf1 Nh5 20. Bxa6
Ra8 21. Bd3 Qf6 22. Qg2 g6 23. a3 Ra4 24. Rb1 Rh4 25. Bd2 d4 26. exd4 Qxd4 27.
Be4 Qe5 28. Bxc6 Re6 29. Bc3 Qb8 30. Qg5 Be7 31. Qb5 Qc7 32. Bd7 Rb6 33. Qe5
Qxe5 34. Bxe5 f6 35. Bg3 Rc4 36. b3 Rc3 37. a4 Nxg3 38. fxg3 Rxf3 39. a5 Bc5+
40. Kh1 Rb4 41. Rdc1 Be3 42. Rc7 Rxg3 43. Be6+ 1-0

[Event "Madrid ch 2019-2020"]
[Site "Madrid ESP"]
[Date "2020.07.23"]
[Round "6.11"]
[White "Guillo Longares, Cecilia"]
[Black "Reyes Peñas, Sebastian"]
[Result "1-0"]
[WhiteElo "2114"]
[BlackElo "2272"]
[PlyCount "75"]
[EventDate "2020.07.18"]
[EventType "swiss"]
[EventRounds "9"]
[EventCountry "ESP"]
[SourceTitle "Ajedrez en Madrid"]
[Source "lmi"]
[SourceDate "2020.07.18"]
[SourceVersion "1"]
[SourceVersionDate "2020.09.10"]
[SourceQuality "1"]

1. d4 Nf6 2. c4 e6 3. Nf3 Bb4+ 4. Bd2 a5 5. g3 d6 6. Bg2 Nbd7 7. O-O e5 8. Nc3
O-O 9. b3 Re8 10. a3 Bxc3 11. Bxc3 e4 12. Ne1 d5 13. Nc2 c6 14. Ne3 b5 15. Qd2
Nf8 16. Rfc1 Bd7 17. Rc2 Qb6 18. Rac1 Ng4 19. cxd5 Nxe3 20. Qxe3 cxd5 21. Bb2
Rec8 22. Rc5 Qb7 23. f3 f5 24. g4 Rxc5 25. dxc5 Ra6 26. gxf5 Bxf5 27. Qg5 Bg6
28. c6 Qb6+ 29. Kh1 Ra8 30. Qxd5+ Bf7 31. Qe5 Ne6 32. Bh3 Qc7 33. Bxe6 Qxe5 34.
Bxf7+ Kxf7 35. Bxe5 exf3 36. exf3 g6 37. c7 Rc8 38. Rc5 1-0

[Event "Madrid ch 2019-2020"]
[Site "Madrid ESP"]
[Date "2020.07.23"]
[Round "6.12"]
[White "Andrade Sandoval, Bianca"]
[Black "Alises Fontecha, Juan"]
[Result "1/2-1/2"]
[WhiteElo "1900"]
[BlackElo "1671"]
[PlyCount "100"]
[EventDate "2020.07.18"]
[EventType "swiss"]
[EventRounds "9"]
[EventCountry "ESP"]
[SourceTitle "Ajedrez en Madrid"]
[Source "lmi"]
[SourceDate "2020.07.18"]
[SourceVersion "1"]
[SourceVersionDate "2020.09.10"]
[SourceQuality "1"]

1. d4 d5 2. Bf4 Nf6 3. e3 e6 4. Nf3 Bd6 5. Bg3 O-O 6. Nbd2 b6 7. Bd3 c5 8. c3
Ba6 9. Bxa6 Nxa6 10. Ne5 Nb8 11. O-O Qc7 12. Ndf3 Nc6 13. Nxc6 Qxc6 14. Bxd6
Qxd6 15. Ne5 Nd7 16. f4 Nf6 17. Rf3 Ne4 18. Rh3 f5 19. Qh5 Nf6 20. Qh4 g6 21.
Rf1 Qe7 22. g4 Qg7 23. gxf5 exf5 24. Rg3 Ne4 25. Rg2 Rac8 26. Nf3 c4 27. Qe1 b5
28. a3 a5 29. Ne5 Rb8 30. h4 Nf6 31. Kh1 Rb6 32. Rfg1 Ng4 33. Nxg4 fxg4 34.
Rxg4 Re6 35. h5 Qh6 36. Rh4 Rf5 37. hxg6 Rh5 38. gxh7+ Kxh7 39. Rgg4 Rxe3 40.
Qxe3 Rxh4+ 41. Rxh4 Qxh4+ 42. Kg2 Qg4+ 43. Kh2 Kg6 44. Qe8+ Kf5 45. Qe5+ Kg6
46. Qd6+ Kf5 47. Qxd5+ Kxf4 48. Qe5+ Kf3 49. Qf6+ Ke3 50. Kh1 Qh5+ 1/2-1/2

[Event "Madrid ch 2019-2020"]
[Site "Madrid ESP"]
[Date "2020.07.23"]
[Round "6.13"]
[White "Viñas Blasco, Jorge"]
[Black "Moreno Uribarri, Miguel"]
[Result "0-1"]
[WhiteElo "1781"]
[BlackElo "1881"]
[PlyCount "43"]
[EventDate "2020.07.18"]
[EventType "swiss"]
[EventRounds "9"]
[EventCountry "ESP"]
[SourceTitle "Ajedrez en Madrid"]
[Source "lmi"]
[SourceDate "2020.07.18"]
[SourceVersion "1"]
[SourceVersionDate "2020.09.10"]
[SourceQuality "1"]

1. Nf3 Nf6 2. c4 g6 3. b3 Bg7 4. Bb2 O-O 5. g3 d6 6. d4 e5 7. dxe5 Ng4 8. Bg2
Nc6 9. Nc3 Ngxe5 10. Nxe5 Nxe5 11. O-O Re8 12. Qd2 Rb8 13. Rfd1 Be6 14. Nb5
Bxc4 15. bxc4 Nxc4 16. Qc2 Nxb2 17. Rdb1 c6 18. Na3 Qf6 19. Re1 Qc3 20. Qb3 Nd3
21. Red1 Qxb3 22. axb3 0-1

[Event "Madrid ch 2019-2020"]
[Site "Madrid ESP"]
[Date "2020.07.23"]
[Round "6.15"]
[White "Cujba, Anca-Claudia"]
[Black "Rodriguez Diaz, Alberto Jose"]
[Result "0-1"]
[WhiteElo "1673"]
[BlackElo "1918"]
[PlyCount "78"]
[EventDate "2020.07.18"]
[EventType "swiss"]
[EventRounds "9"]
[EventCountry "ESP"]
[SourceTitle "Ajedrez en Madrid"]
[Source "lmi"]
[SourceDate "2020.07.18"]
[SourceVersion "1"]
[SourceVersionDate "2020.09.10"]
[SourceQuality "1"]

1. d4 f5 2. Nf3 Nf6 3. g3 g6 4. Bg2 Bg7 5. c3 O-O 6. Qb3+ e6 7. Ne5 Nc6 8. Bg5
h6 9. Nxg6 hxg5 10. Nxf8 Qxf8 11. Nd2 d5 12. Nf3 Ne4 13. e3 Bd7 14. Bf1 Qd6 15.
Bd3 g4 16. Bxe4 fxe4 17. Nd2 Na5 18. Qc2 Bb5 19. Qd1 Rf8 20. Qxg4 Nc4 21. Nxc4
Bxc4 22. h4 Rf6 23. h5 Kh7 24. Qd1 Bh6 25. Qd2 Rf3 26. O-O-O Bxa2 27. Kc2 Bc4
28. b3 Qa3 29. Ra1 Bd3+ 30. Qxd3 exd3+ 31. Kxd3 Qxb3 32. Ke2 Rf7 33. f4 a5 34.
g4 Qc2+ 35. Kf3 Bxf4 36. exf4 Qe4+ 37. Kg3 Rxf4 38. Raf1 Rxg4+ 39. Kh3 Qg2# 0-1

[Event "Madrid ch 2019-2020"]
[Site "Madrid ESP"]
[Date "2020.07.24"]
[Round "7.2"]
[White "Suarez Uriel, Adrian"]
[Black "Martinez Reyes, Pedro Ramon"]
[Result "0-1"]
[WhiteElo "2340"]
[BlackElo "2416"]
[PlyCount "100"]
[EventDate "2020.07.18"]
[EventType "swiss"]
[EventRounds "9"]
[EventCountry "ESP"]
[SourceTitle "Ajedrez en Madrid"]
[Source "lmi"]
[SourceDate "2020.07.18"]
[SourceVersion "1"]
[SourceVersionDate "2020.09.10"]
[SourceQuality "1"]

1. e4 e6 2. d4 d5 3. Nc3 Bb4 4. e5 b6 5. a3 Bf8 6. Nh3 Qd7 7. Nf4 Ba6 8. Bxa6
Nxa6 9. Qd3 Nb8 10. O-O Ne7 11. a4 Nbc6 12. Nb5 a6 13. Na3 Nf5 14. c3 Bxa3 15.
Rxa3 h5 16. b4 Nce7 17. Qe2 h4 18. Nh5 a5 19. b5 O-O-O 20. g4 hxg3 21. fxg3 Rh7
22. g4 Rdh8 23. Ra2 Qe8 24. Qd1 c6 25. bxc6 Qxc6 26. Raf2 Kb8 27. Bd2 Nc8 28.
Rg2 Qc4 29. Nf4 Nfe7 30. Qb1 Qxa4 31. Nd3 g6 32. Bg5 Nc6 33. h4 Qc4 34. Qc2
N6a7 35. Nb2 Qc6 36. Bf6 Rg8 37. Qb3 Ka8 38. Na4 Nb5 39. Rb1 Nca7 40. c4 dxc4
41. Qxc4 Qe4 42. Rc1 Kb7 43. Qb3 Qxd4+ 44. Kh1 Rgh8 45. Qf3+ Ka6 46. Ra2 Rxh4+
47. Bxh4 Rxh4+ 48. Kg2 Rxg4+ 49. Kh3 Rf4 50. Qg3 Qxe5 0-1

[Event "Madrid ch 2019-2020"]
[Site "Madrid ESP"]
[Date "2020.07.24"]
[Round "7.3"]
[White "Aranda Marin, Cristian"]
[Black "Rodriguez Polo, Mateo"]
[Result "1-0"]
[WhiteElo "2353"]
[BlackElo "2077"]
[PlyCount "77"]
[EventDate "2020.07.18"]
[EventType "swiss"]
[EventRounds "9"]
[EventCountry "ESP"]
[SourceTitle "Ajedrez en Madrid"]
[Source "lmi"]
[SourceDate "2020.07.18"]
[SourceVersion "1"]
[SourceVersionDate "2020.09.10"]
[SourceQuality "1"]

1. Nf3 d5 2. b3 Nf6 3. Bb2 e6 4. c4 c5 5. cxd5 exd5 6. g3 Nc6 7. Bg2 d4 8. O-O
Be7 9. Na3 O-O 10. e3 Bg4 11. h3 Bh5 12. g4 Bg6 13. Nc4 Rc8 14. exd4 cxd4 15.
Nfe5 Be4 16. Nxc6 Bxc6 17. Re1 Bxg2 18. Kxg2 Nd5 19. Qf3 f5 20. Re5 Nb4 21.
Rxf5 Qd7 22. a3 Rxf5 23. gxf5 Nc6 24. Re1 Bf6 25. a4 Ne7 26. Re6 Rc5 27. Rd6
Qc7 28. Qe4 Rxf5 29. Qe6+ Kf8 30. Ba3 Rg5+ 31. Kf1 Ke8 32. Rxd4 Bxd4 33. Nd6+
Kd8 34. Nf7+ Ke8 35. Nd6+ Kd8 36. Nf7+ Ke8 37. Nxg5 Kd8 38. Qe4 Qd7 39. Qxd4
1-0

[Event "Madrid ch 2019-2020"]
[Site "Madrid ESP"]
[Date "2020.07.24"]
[Round "7.5"]
[White "Martin Duque, Jesus"]
[Black "Perez Gonzalez, Jose Manuel"]
[Result "0-1"]
[WhiteElo "2421"]
[BlackElo "2177"]
[PlyCount "60"]
[EventDate "2020.07.18"]
[EventType "swiss"]
[EventRounds "9"]
[EventCountry "ESP"]
[SourceTitle "Ajedrez en Madrid"]
[Source "lmi"]
[SourceDate "2020.07.18"]
[SourceVersion "1"]
[SourceVersionDate "2020.09.10"]
[SourceQuality "1"]

1. e4 d6 2. d4 Nf6 3. Nc3 g6 4. Nf3 Bg7 5. h3 O-O 6. Be3 a6 7. a4 b6 8. Bd3 Bb7
9. d5 c6 10. Bc4 cxd5 11. exd5 b5 12. axb5 axb5 13. Rxa8 Bxa8 14. Nxb5 Bxd5 15.
Bxd5 Qa5+ 16. c3 Qxb5 17. Bb3 Nc6 18. Bc1 Ra8 19. c4 Qb7 20. O-O Nd7 21. Ba4
Nc5 22. Bxc6 Qxc6 23. Bg5 Qb7 24. Re1 Ne6 25. Qd5 Qxd5 26. cxd5 Nxg5 27. Nxg5
Bxb2 28. Re2 Ra1+ 29. Kh2 Be5+ 30. g3 Rd1 0-1

[Event "Madrid ch 2019-2020"]
[Site "Madrid ESP"]
[Date "2020.07.24"]
[Round "7.6"]
[White "Almagro Llamas, Pablo"]
[Black "Garcia Dorado, Alberto"]
[Result "1-0"]
[WhiteElo "2443"]
[BlackElo "2175"]
[PlyCount "50"]
[EventDate "2020.07.18"]
[EventType "swiss"]
[EventRounds "9"]
[EventCountry "ESP"]
[SourceTitle "Ajedrez en Madrid"]
[Source "lmi"]
[SourceDate "2020.07.18"]
[SourceVersion "1"]
[SourceVersionDate "2020.09.10"]
[SourceQuality "1"]

1. c4 e5 2. g3 Nf6 3. Bg2 d5 4. cxd5 Nxd5 5. Nc3 Nb6 6. Nf3 Nc6 7. O-O Be7 8.
Rb1 O-O 9. b4 Nxb4 10. Nxe5 N4d5 11. Nxd5 Nxd5 12. Qb3 c6 13. d4 Nb6 14. Rd1
Be6 15. Qc2 Bd6 16. Nd3 Re8 17. a4 Qc7 18. Nc5 Rab8 19. a5 Nd7 20. Nxe6 Rxe6
21. a6 bxa6 22. Rxb8+ Nxb8 23. e4 c5 24. dxc5 Bf8 25. Bf4 Qc6 1-0

[Event "Madrid ch 2019-2020"]
[Site "Madrid ESP"]
[Date "2020.07.24"]
[Round "7.7"]
[White "Martinez Fernandez, Raul"]
[Black "Guillo Longares, Cecilia"]
[Result "1-0"]
[WhiteElo "2220"]
[BlackElo "2114"]
[PlyCount "113"]
[EventDate "2020.07.18"]
[EventType "swiss"]
[EventRounds "9"]
[EventCountry "ESP"]
[SourceTitle "Ajedrez en Madrid"]
[Source "lmi"]
[SourceDate "2020.07.18"]
[SourceVersion "1"]
[SourceVersionDate "2020.09.10"]
[SourceQuality "1"]

1. e4 c5 2. Nf3 Nc6 3. Bb5 g6 4. Bxc6 dxc6 5. d3 Bg7 6. h3 Nf6 7. Nc3 Nd7 8.
Be3 e5 9. Qd2 Qe7 10. Bh6 f6 11. Bxg7 Qxg7 12. O-O-O Nf8 13. Nh2 Ne6 14. Ne2
Nd4 15. Nxd4 cxd4 16. f4 Be6 17. fxe5 fxe5 18. Nf3 O-O 19. Qg5 Rae8 20. Qxe5
Qxe5 21. Nxe5 Bxh3 22. Nxg6 Bxg2 23. Nxf8 Bxh1 24. Nxh7 Kxh7 25. Rxh1+ Kg6 26.
Rf1 c5 27. b3 b6 28. Kb2 Rh8 29. Rf5 Rh7 30. b4 Rc7 31. Rd5 Kf6 32. Kb3 Rb7 33.
Kc4 cxb4 34. Kxb4 Rc7 35. Kb3 Ke6 36. Rxd4 Rc5 37. Rd5 Rc7 38. Rh5 Rg7 39. a4
Rg1 40. a5 Rb1+ 41. Kc4 Rb2 42. c3 Kd6 43. axb6 axb6 44. Rb5 Rh2 45. Rxb6+ Kc7
46. Rg6 Rh4 47. Kd5 Rh3 48. Kd4 Rh4 49. c4 Kd7 50. Kd5 Rh5+ 51. e5 Rh3 52. d4
Rh4 53. Rg7+ Kd8 54. c5 Rf4 55. e6 Rh4 56. Ke5 Ke8 57. d5 1-0

[Event "Madrid ch 2019-2020"]
[Site "Madrid ESP"]
[Date "2020.07.24"]
[Round "7.9"]
[White "Mkrtchyan, Levon"]
[Black "Torres Boch, Jose F"]
[Result "1/2-1/2"]
[WhiteElo "2215"]
[BlackElo "2150"]
[PlyCount "82"]
[EventDate "2020.07.18"]
[EventType "swiss"]
[EventRounds "9"]
[EventCountry "ESP"]
[SourceTitle "Ajedrez en Madrid"]
[Source "lmi"]
[SourceDate "2020.07.18"]
[SourceVersion "1"]
[SourceVersionDate "2020.09.10"]
[SourceQuality "1"]

1. e4 c5 2. Nf3 d6 3. d4 cxd4 4. Nxd4 Nf6 5. Nc3 a6 6. Bg5 e6 7. Qf3 Be7 8.
O-O-O Nbd7 9. Be2 Qa5 10. Be3 Qc7 11. Qg3 Nc5 12. Bf3 Bd7 13. Rhe1 Rc8 14. Kb1
b5 15. a3 Rb8 16. Bf4 Na4 17. Nd5 Nxd5 18. exd5 O-O 19. dxe6 b4 20. Bd5 bxa3
21. Bb3 fxe6 22. Rxe6 Rxb3 23. cxb3 Bf6 24. Rxf6 Rxf6 25. bxa4 Bxa4 26. b3 Be8
27. Bg5 Rf8 28. Qe3 Bg6+ 29. Ka2 Rc8 30. Qd2 a5 31. Re1 Rb8 32. Rc1 Qf7 33.
Qxa5 Qxf2+ 34. Qd2 Qf7 35. Bf4 Qd5 36. g3 Bf7 37. Rc3 Re8 38. Re3 Rc8 39. Rc3
Re8 40. Re3 Rc8 41. Rc3 Re8 1/2-1/2

[Event "Madrid ch 2019-2020"]
[Site "Madrid ESP"]
[Date "2020.07.24"]
[Round "7.10"]
[White "Khudov, Oleksandr"]
[Black "Andrade Sandoval, Bianca"]
[Result "1-0"]
[WhiteElo "2207"]
[BlackElo "1900"]
[PlyCount "80"]
[EventDate "2020.07.18"]
[EventType "swiss"]
[EventRounds "9"]
[EventCountry "ESP"]
[SourceTitle "Ajedrez en Madrid"]
[Source "lmi"]
[SourceDate "2020.07.18"]
[SourceVersion "1"]
[SourceVersionDate "2020.09.10"]
[SourceQuality "1"]

1. d4 d5 2. Bf4 Nf6 3. e3 e6 4. Nf3 c5 5. c3 Nc6 6. Nbd2 Bd6 7. Bg3 b6 8. Ne5
Bb7 9. Bb5 Bxe5 10. Bxe5 O-O 11. Bg3 Ne7 12. O-O Ng6 13. Qe2 Qe7 14. Rfd1 e5
15. dxe5 Nxe5 16. Ba4 Rfd8 17. Re1 Rac8 18. Rad1 Ng6 19. f3 a6 20. Bb3 Re8 21.
Qf1 Rcd8 22. c4 dxc4 23. Nxc4 Bd5 24. Nd6 Bxb3 25. axb3 Rf8 26. Qxa6 Nd7 27.
Nc4 Qg5 28. Qb7 Nf6 29. Qxb6 Nh5 30. Bf2 Rb8 31. Qc6 Nf6 32. Rd3 Rfc8 33. Qd6
Nf8 34. Qe5 Qg6 35. e4 Ne6 36. Nd6 Rd8 37. Nf5 Kh8 38. Red1 Re8 39. Bxc5 Nh5
40. Be3 Nef4 1-0

[Event "Madrid ch 2019-2020"]
[Site "Madrid ESP"]
[Date "2020.07.24"]
[Round "7.11"]
[White "Alises Fontecha, Juan"]
[Black "Pablos Tenrero, Raquel"]
[Result "0-1"]
[WhiteElo "1671"]
[BlackElo "2042"]
[PlyCount "88"]
[EventDate "2020.07.18"]
[EventType "swiss"]
[EventRounds "9"]
[EventCountry "ESP"]
[SourceTitle "Ajedrez en Madrid"]
[Source "lmi"]
[SourceDate "2020.07.18"]
[SourceVersion "1"]
[SourceVersionDate "2020.09.10"]
[SourceQuality "1"]

1. e4 c5 2. c3 Nf6 3. e5 Nd5 4. Nf3 Nc6 5. d4 cxd4 6. cxd4 d6 7. Bc4 dxe5 8.
dxe5 Ndb4 9. Qxd8+ Nxd8 10. Bb3 Be6 11. O-O g6 12. Rd1 Bg7 13. Ba4+ Nbc6 14.
Bf4 O-O 15. Nc3 Bg4 16. Re1 Bxf3 17. gxf3 Nd4 18. Kg2 N8e6 19. Bg3 Rfd8 20.
Rac1 a6 21. Ne4 h5 22. h4 Nf5 23. Bb3 Ned4 24. Bc2 Bh6 25. f4 Rac8 26. Bb1 Rxc1
27. Rxc1 Ne2 28. Re1 Nxf4+ 29. Kh2 Ne6 30. Nc3 Nfd4 31. Be4 Nc5 32. Bg2 b5 33.
Rd1 Kf8 34. a3 Nce6 35. Bd5 Ke8 36. Bxe6 Nxe6 37. Rxd8+ Kxd8 38. Ne2 Bd2 39.
Kg2 Kd7 40. Kf3 Kc6 41. Ke4 Kc5 42. Kd3 Be1 43. b4+ Kd5 44. f4 Bxg3 0-1

[Event "Madrid ch 2019-2020"]
[Site "Madrid ESP"]
[Date "2020.07.24"]
[Round "7.14"]
[White "Viñas Blasco, Jorge"]
[Black "Cujba, Anca-Claudia"]
[Result "1/2-1/2"]
[WhiteElo "1781"]
[BlackElo "1673"]
[PlyCount "103"]
[EventDate "2020.07.18"]
[EventType "swiss"]
[EventRounds "9"]
[EventCountry "ESP"]
[SourceTitle "Ajedrez en Madrid"]
[Source "lmi"]
[SourceDate "2020.07.18"]
[SourceVersion "1"]
[SourceVersionDate "2020.09.10"]
[SourceQuality "1"]

1. d4 Nf6 2. c4 g6 3. Nc3 Bg7 4. e4 d6 5. Be2 O-O 6. Be3 e5 7. d5 a5 8. g4 Na6
9. h4 Nc5 10. f3 Bd7 11. Nh3 c6 12. Nf2 cxd5 13. cxd5 a4 14. Nd3 Qa5 15. Nxc5
dxc5 16. Qd2 Rfc8 17. h5 c4 18. hxg6 fxg6 19. a3 b5 20. Bg5 b4 21. axb4 Qxb4
22. Bxf6 Bxf6 23. Qh6 Qxb2 24. Qxh7+ Kf8 25. Kf2 Qxc3 26. Qxd7 Qd4+ 27. Kg3 Qa7
28. Qxa7 Rxa7 29. Rhc1 c3 30. Ra3 Be7 31. Raxc3 Rxc3 32. Rxc3 a3 33. Rc1 Bb4
34. Ra1 Bc3 35. Ra2 Ke7 36. f4 exf4+ 37. Kxf4 Kf6 38. g5+ Ke7 39. Bc4 Bb2 40.
Bb5 Kd6 41. Bc6 Rf7+ 42. Ke3 Bc1+ 43. Kd3 Rf3+ 44. Kc2 Bxg5 45. Be8 Bf6 46.
Bxg6 Rg3 47. Bf5 Rc3+ 48. Kd1 Rb3 49. Kc2 Rg3 50. Kb1 Re3 51. Rd2 Rb3+ 52. Ka2
1/2-1/2